header

Literature: a world of writing (Record no. 253142)

MARC details
000 -LEADER
fixed length control field 00523nam a22001817a 4500
003 - CONTROL NUMBER IDENTIFIER
control field OSt
005 - DATE AND TIME OF LATEST TRANSACTION
control field 20160419135333.0
008 - FIXED-LENGTH DATA ELEMENTS--GENERAL INFORMATION
fixed length control field 160419b xxu||||| |||| 00| 0 eng d
010 ## - LIBRARY OF CONGRESS CONTROL NUMBER
LC control number 2009046492
020 ## - INTERNATIONAL STANDARD BOOK NUMBER
International Standard Book Number 9780321364890
040 ## - CATALOGING SOURCE
Transcribing agency DLC
050 ## - LIBRARY OF CONGRESS CALL NUMBER
Classification number PE1417
Item number .P474 2009
100 ## - MAIN ENTRY--PERSONAL NAME
Personal name Pike,David L.
245 ## - TITLE STATEMENT
Title Literature: a world of writing
Remainder of title stories,poems,plays,& essays
Statement of responsibility, etc David L. Pike, Anna M.Acosta
260 ## - PUBLICATION, DISTRIBUTION, ETC. (IMPRINT)
Place of publication, distribution, etc Boston,
Name of publisher, distributor, etc Longman
Date of publication, distribution, etc c2011
300 ## - PHYSICAL DESCRIPTION
Extent xviii,681,[36]p
Other physical details ill(some col);
Dimensions 28cm
942 ## - ADDED ENTRY ELEMENTS (KOHA)
Source of classification or shelving scheme Library of Congress Classification
Koha item type Long Loan Books
Holdings
Withdrawn status Lost status Source of classification or shelving scheme Damaged status Not for loan Collection code Home library Current library Shelving location Date acquired Total Checkouts Full call number Barcode Date last seen Price effective from Koha item type
    Library of Congress Classification     Non-fiction Rongo University Library Rongo University Library General Stacks 19/04/2016   PE1417 .P474 2009 201611321 19/04/2016 19/04/2016 Long Loan Books

© 2026 Rongo University
Contact us: librarian | system librarian | Rongo university